| 000 | 01235cai a2200241 4500 | ||
|---|---|---|---|
| 001 | L141146 | ||
| 008 | 060720e20071025xxkad f s 000 0 eng d | ||
| 035 | _a(Sirsi) u141146 | ||
| 041 | 0 | _aeng | |
| 050 | 0 | 4 | _a332.6324 $2 18 |
| 110 | 2 |
_aBank of England _92779 |
|
| 245 | 0 | 0 |
_aFinancial stability report _bissue 22 _h[electronic resource] |
| 260 | _c2007 | ||
| 490 | 0 |
_aBank of England Financial Stability Report _v(22) 25 October 2007 |
|
| 505 | 2 | _aForeword -- Overview -- Shocks to the financial system -- Structure of the financial system -- Prospects for the UK financial system -- Mitigating risks to the UK financial system | |
| 520 | _aDiscusses the turmoil in the international financial system, Summer 2007. Considers causes, how the banks were affected and draws lessons. Concludes the UK commercial property markets are still vulnerable in the short-term. Graphs and tables. | ||
| 590 | _aka | ||
| 650 | 2 | 4 | _aBANK OF ENGLAND FINANCIAL STABILITY REPORT |
| 651 | 4 |
_aUnited Kingdom _y |
|
| 690 | _aPROPERTY-COMMERCIAL PROPERTY-COMMERCIAL PROPERTY FINANCE AND INVESTMENT | ||
| 856 | 4 | 0 |
_uhttps://www.bankofengland.co.uk/publications/fsr/index.htm _zView the item free of charge at www.bankofengland.co.uk... |
| 942 | _n0 | ||
| 999 |
_c79424 _d79424 |
||